| 000 | 01560nac a22003491u 4500 | ||
|---|---|---|---|
| 999 |
_c1564 _d1564 |
||
| 003 | EG-ScBUE | ||
| 005 | 20200206113751.0 | ||
| 008 | 200206t1985 nyu f b 000 0 eng d | ||
| 020 | _a0195035496 | ||
| 040 |
_aEG-ScBUE _beng _erda _cEG-ScBUE _dEG-ScBUE |
||
| 043 | _an-us--- | ||
| 082 | 0 | 4 |
_a808.042071173 _bTRA _222 |
| 100 | _a | ||
| 245 | 0 | 0 |
_aTraditions of inquiry / _c[edited by] John Brereton. |
| 264 | 1 |
_aNew York ; _aOxford : _bOxford University Press, _c[1985] |
|
| 264 | 4 | _cc1985 | |
| 300 |
_axiv, 191 pages ; _c25 cm |
||
| 336 |
_2rdacontent _atext _btxt |
||
| 337 |
_2rdamedia _aunmediated _bn |
||
| 338 |
_2rdacarrier _avolume _bnc |
||
| 504 | _aIncludes bibliographical references. | ||
| 505 | 0 | _aIntroduction -- Barrett Wendell / Wallace Douglas -- Fred Newton Scott / Donald Stewart -- I.A. Richards / Ann Berthoff -- Sterling Andrus Leonard / John Brereton -- Kenneth Burke / William Irmscher -- Theodore Baird / Walker Gibson -- Richard Braddock / Richard Lloyd-Jones -- Mina Shaughnessy / Robert Lyons. | |
| 650 | 7 |
_aEnglish language _xRhetoric _xStudy and teaching _zUnited States _xHistory. _2BUEsh |
|
| 650 | 7 |
_aReport writing _zStudy and teaching (Higher) _xUnited States _xHistory _y20th century. _2BUEsh |
|
| 651 | _2BUEsh | ||
| 653 |
_bHHUUEENN _cJanuary2020 |
||
| 655 | _vReading book | ||
| 700 | 1 |
_aBrereton, John C, _d1943- _eeditor. |
|
| 856 | 4 | 2 |
_3Publisher description _uhttp://www.loc.gov/catdir/enhancements/fy0638/84027307-d.html |
| 942 |
_cNB _k808.042071173 TRA _2ddc |
||